Jagalah Allah..... Allah menjagamu.....

Bibliographic Details
Main Author: Al-Qarni,Dr. 'Aidh Bin Abdullah
Other Authors: H. Sarwedi M. HSB, Noraine Abu
Format: Book
Published: Kuala Lumpur : Al-Hidayah Publishers , 2006
Subjects:

MARC

LEADER 00000cam a2200000 7i4500
001 0000013346
005 20090811.0
008 080111
020 |a 9830996735 
090 0 0 |a 297.211   |b QAR 
100 1 |a Al-Qarni,Dr. 'Aidh Bin Abdullah 
245 1 0 |a Jagalah Allah..... Allah menjagamu.....   |c Aidh bin Abdullah Al-Qarni ;penterjemah, H. Sarwedi M. HSB & penyunting Noraine Abu 
260 |a Kuala Lumpur :   |b Al-Hidayah Publishers ,   |c 2006 
650 0 |a Muslims   |x Conduct of life 
700 0 |a H. Sarwedi M. HSB 
700 0 |a Noraine Abu 
999 |a 0000922260   |b Book   |c Adult Collection   |e Cawangan Bukit Gambir 
999 |a 0000922261   |b Book   |c Adult Collection   |e Cawangan Bukit Gambir 
999 |a 0000934150   |b Book   |c Adult Collection   |e Cawangan Tangkak 
999 |a 0001006364   |b Book   |c Adult Collection   |e Perbadanan Perpustakaan Awam Johor 
999 |a 0001006365   |b Book   |c Adult Collection   |e Cawangan AEON Kulaijaya 
999 |a 0001006366   |b Book   |c Adult Collection   |e Cawangan Mersing 
999 |a 0001006737   |b Book   |c Adult Collection   |e Cawangan AEON Kulaijaya 
999 |a 0001006738   |b Book   |c Adult Collection   |e Cawangan Pontian 
999 |a 0001006739   |b Book   |c Adult Collection   |e Perbadanan Perpustakaan Awam Johor